Psicología y teología
I tiakina i:
| Kaituhi matua: | |
|---|---|
| Hōputu: | Pukapuka |
| Reo: | Pāniora |
| I whakaputaina: |
Barcelona
Herder
1969
|
| Rangatū: | Biblioteca Herder. Sección de Teología y Filosofía, 119
|
| Ngā marau: | |
| Ngā Tūtohu: |
Tāpirihia he Tūtohu
Kāore He Tūtohu, Me noho koe te mea tuatahi ki te tūtohu i tēnei pūkete!
|
MARC
| LEADER | 00000nam a2200000 a 4500 | ||
|---|---|---|---|
| 001 | UCW5801 | ||
| 003 | CL-VaPUC | ||
| 008 | 910809e19690000SP |||||||||||||||||spa|d | ||
| 082 | 0 | 4 | |a 200.19 |b POH |2 21 |
| 100 | 0 | |a Pohier, J. M |e author |9 310814 | |
| 245 | 1 | 0 | |a Psicología y teología |
| 300 | |a 423 p | ||
| 942 | |c BK | ||
| 945 | |d 19910809 00:00:00 | ||
| 260 | |a Barcelona |b Herder |c 1969 | ||
| 650 | 7 | |a PSICOLOGIA DE LA RELIGION |2 CL-VaPUC |9 310502 | |
| 583 | |a last modification |c 19910809 00:00:00 |k Rodrigo Vera | ||
| 490 | 0 | |a Biblioteca Herder. Sección de Teología y Filosofía, 119 | |
| 999 | |c 219122 |d 219120 | ||
| 952 | |0 0 |1 0 |4 0 |6 200_190000000000000_POH_1969 |7 0 |8 A |9 209661 |a BIBEDU |b BIBEDU |d 2019-11-15 |i 2775514 |o 200.19 POH 1969 |p 2775514 |r 2019-11-15 |w 2019-11-15 |y BK |k EDU | ||
| 952 | |0 0 |1 0 |4 0 |6 200_190000000000000_POH_1969 |7 0 |8 A |9 209662 |a BIBEDU |b BIBEDU |d 2019-11-15 |i 2775522 |o 200.19 POH 1969 |p 2775522 |r 2019-11-15 |w 2019-11-15 |y BK |k EDU | ||
| 952 | |0 0 |1 0 |4 0 |6 200_190000000000000_POH_1969 |7 0 |8 A |9 209663 |a BIBEDU |b BIBEDU |d 2019-11-15 |i 2775530 |o 200.19 POH 1969 |p 2775530 |r 2019-11-15 |w 2019-11-15 |y BK |k EDU | ||